Statistics for Country Code not derived from English Name

Click here to take the quiz!

General Stats

  • This quiz has been taken 71 times
  • The average score is 6 of 13

Answer Stats

Country CodeDerived FromCountry% Correct
DEDeutschlandGermany
95%
ESEspañaSpain
81%
EEEestiEstonia
75%
ISÍslandIceland
68%
CHConfoederatio HelveticaSwitzerland
68%
HRHrvatskaCroatia
63%
ZAZuid-AfrikaSouth Africa
51%
MKMakedonijaMacedonia
37%
GQGuinée équatorialeEquatorial Guinea
26%
MAMarocMorocco
25%
TDTchadChad
21%
DZDzayerAlgeria
19%
KMKomoriComoros
11%

Score Distribution

Percentile by Number Answered

Percent of People with Each Score

Your Score History

You have not taken this quiz